La clave probatoria en los procesos matrimoniales: indicios y circunstancias
Сохранить в:
| Главный автор: | |
|---|---|
| Формат: | |
| Язык: | испанский |
| Опубликовано: |
Pamplona
EUNSA
1978
|
| Предметы: | |
| Метки: |
Добавить метку
Нет меток, Требуется 1-ая метка записи!
|
MARC
| LEADER | 00000nam a2200000 a 4500 | ||
|---|---|---|---|
| 001 | UCX2553 | ||
| 003 | CL-VaPUC | ||
| 008 | 910621e19780000SP |||||||||||||||||spa|d | ||
| 082 | 0 | 4 | |a 262.9 |b AMO |2 21 |
| 100 | 0 | |a Amo Pachón, León del |e author |9 318510 | |
| 245 | 1 | 3 | |a La clave probatoria en los procesos matrimoniales: indicios y circunstancias |
| 300 | |a 651 p | ||
| 942 | |c BK | ||
| 945 | |d 19910621 00:00:00 | ||
| 260 | |a Pamplona |b EUNSA |c 1978 | ||
| 650 | 0 | |a Acciones matrimoniales |9 318090 | |
| 650 | 7 | |a PRUEBA CIRCUNSTANCIAL |2 CL-VaPUC |9 318511 | |
| 650 | 7 | |a MATRIMONIO |2 CL-VaPUC |9 318512 | |
| 650 | 7 | |a DERECHO CANONICO |2 CL-VaPUC |9 318513 | |
| 583 | |a last modification |c 19910621 00:00:00 |k Rodrigo Vera | ||
| 999 | |c 223546 |d 223544 | ||
| 952 | |0 0 |1 0 |4 0 |6 262_900000000000000_AMO_1978 |7 0 |8 A |9 219462 |a BIBTEO |b BIBTEO |d 2019-11-15 |i 2881918 |o 262.9 AMO 1978 |p 2881918 |r 2025-01-17 |w 2019-11-15 |y BK |k ICR | ||